<?xml version="1.0" encoding="UTF-8"?>
<collection xmlns="http://www.loc.gov/MARC21/slim">
 <record>
  <leader>01911nam a22002297a 4500</leader>
  <controlfield tag="001">NCT_87369</controlfield>
  <controlfield tag="008">201127b        xxu||||| |||| 00| 0 vie d</controlfield>
  <datafield tag="999" ind1=" " ind2=" ">
   <subfield code="c">4305</subfield>
   <subfield code="d">4305</subfield>
  </datafield>
  <datafield tag="020" ind1=" " ind2=" ">
   <subfield code="a">9786046533931</subfield>
   <subfield code="c">139000</subfield>
  </datafield>
  <datafield tag="082" ind1="0" ind2="4">
   <subfield code="2">23rd ed.</subfield>
   <subfield code="a">658.4</subfield>
   <subfield code="b">W334</subfield>
  </datafield>
  <datafield tag="100" ind1="1" ind2=" ">
   <subfield code="a">Watkins, Michael</subfield>
  </datafield>
  <datafield tag="245" ind1="1" ind2="0">
   <subfield code="a">90 ngày đầu tiên làm sếp :</subfield>
   <subfield code="b">Những chiến lược then chốt mang lại thành công cho nhà lãnh đạo ở mọi cấp độ</subfield>
   <subfield code="c">Michael Watkins ; Ngô Phương Hạnh, Đặng Khánh Chi (Dịch)</subfield>
  </datafield>
  <datafield tag="250" ind1=" " ind2=" ">
   <subfield code="a">Tái bản lần 4, có sửa chữa</subfield>
  </datafield>
  <datafield tag="260" ind1=" " ind2=" ">
   <subfield code="a">H.</subfield>
   <subfield code="b">Lao động - xã hội</subfield>
   <subfield code="c">2018</subfield>
  </datafield>
  <datafield tag="300" ind1=" " ind2=" ">
   <subfield code="a">331 tr.</subfield>
   <subfield code="c">21cm</subfield>
  </datafield>
  <datafield tag="520" ind1="3" ind2=" ">
   <subfield code="a">Cuốn sách này giống như một sơ đồ chỉ dẫn từng bước đi trên con đường lãnh đạo để bạn có thể đảm nhiệm cương vị mới nhanh chóng và hiệu quả trong những giai đoạn chuyển đổi quan trọng của sự nghiệp, cho dù đó là ở vị trí quản lý mới hay là vị trí Tổng giám đốc. Được viết bởi chuyên gia về sự chuyển đổi lãnh đạo Micheal Watkins, 90 ngày đầu tiên làm sếp vạch ra những chiến lược đã được kiểm nghiệm qua thực tế - những chiến lược đã góp phần rút ngắn đáng kể thời gian người lãnh đạo mới cần có để đạt được thành công và ổn định.</subfield>
  </datafield>
  <datafield tag="653" ind1=" " ind2=" ">
   <subfield code="a">Tham khảo</subfield>
  </datafield>
  <datafield tag="700" ind1="1" ind2=" ">
   <subfield code="a">Ngô Phương Hạnh</subfield>
   <subfield code="e">Dịch</subfield>
  </datafield>
  <datafield tag="700" ind1="1" ind2=" ">
   <subfield code="a">Đặng Khánh Chi</subfield>
   <subfield code="e">Dịch</subfield>
  </datafield>
  <datafield tag="942" ind1=" " ind2=" ">
   <subfield code="2">ddc</subfield>
   <subfield code="c">BK</subfield>
  </datafield>
  <datafield tag="952" ind1=" " ind2=" ">
   <subfield code="0">0</subfield>
   <subfield code="1">0</subfield>
   <subfield code="2">ddc</subfield>
   <subfield code="4">0</subfield>
   <subfield code="6">658_400000000000000_W334</subfield>
   <subfield code="7">0</subfield>
   <subfield code="9">20824</subfield>
   <subfield code="a">000001</subfield>
   <subfield code="b">000001</subfield>
   <subfield code="d">2020-11-27</subfield>
   <subfield code="o">658.4 W334</subfield>
   <subfield code="p">TK.02257</subfield>
   <subfield code="r">2020-11-27</subfield>
   <subfield code="v">139000.00</subfield>
   <subfield code="w">2020-11-27</subfield>
   <subfield code="y">BK</subfield>
  </datafield>
  <datafield tag="980" ind1=" " ind2=" ">
   <subfield code="a">Thư viện Trường Đại học Nam Cần Thơ</subfield>
  </datafield>
 </record>
</collection>
